Statistics for Streaming Services

Click here to take the quiz!

General Stats

  • This quiz has been taken 86 times
  • The average score is 7 of 9

Answer Stats

SubscribersService% Correct
220.7 MillionNetflix
99%
152.1 MillionDisney+
93%
200 MillionAmazon Prime Video
88%
45.6 MillionHulu
82%
92.1 MillionHBO Max
77%
64.1 MillionParamount+
74%
28 MillionPeacock
56%
33.6 MillionApple TV+
53%
50 MillionYoutube Premium
41%

Score Distribution

Percentile by Number Answered

Percent of People with Each Score

Your Score History

You have not taken this quiz